[Event "White Rook U14 Final 2019"]
[Site "Sochi"]
[Date "2019.06.06"]
[Round "3.26"]
[White "Soucek, Jan"]
[Black "Shmarov, Mikhail"]
[Result "1-0"]
[WhiteElo "1543"]
[BlackElo "1724"]
[Annotator "NA RC"]
[PlyCount "137"]
[EventDate "2019.06.02"]
[EventCountry "RUS"]
[SourceTitle "playchess.com"]
[Source "ChessBase"]
[SourceQuality "1"]
[TimeControl "5400+30"]

1. e4 {[%emt 0:00:00]} e6 {[%emt 0:00:00]} 2. d4 {[%emt 0:00:00]} d5 {[%emt 0:00:00]} 3. exd5 {[%emt 0:02:18]} exd5 {[%emt 0:00:00]} 4. c4 {[%emt 0:00:30]} Nf6 {[%emt 0:00:03]} 5. Nc3 {[%emt 0:00:08]} Bb4 {[%emt 0:01:45]} 6. Nf3 {[%emt 0:01:06]} O-O {[%emt 0:00:42]} 7. a3 {[%emt 0:02:01]} Bxc3+ {[%emt 0:01:41]} 8. bxc3 {[%emt 0:00:16]} Ne4 {[%emt 0:00:05]} 9. Bb2 {[%emt 0:02:22]} Re8 {[%emt 0:02:38]} 10. Be2 {[%emt 0:06:37]} Qe7 {[%emt 0:00:00]} 11. cxd5 {[%emt 0:18:22]} Bg4 {[%emt 0:04:47]} 12. Qd3 {[%emt 0:11:02]} Ng5 {[%emt 0:02:44]} 13. O-O-O {[%emt 0:10:47]} Ne4 {[%emt 0:06:45]} 14. Qe3 {[%emt 0:03:08]} Qd8 {[%emt 0:05:27]} 15. Ne5 {[%emt 0:04:38]} Bxe2 {[%emt 0:00:38]} 16. Qxe2 {[%emt 0:00:07]} Qg5+ {[%emt 0:00:15]} 17. Kb1 {[%emt 0:02:04]} Nd6 {[%emt 0:01:36]} 18. Qf3 {[%emt 0:04:10]} f6 {[%emt 0:00:41]} 19. h4 {[%emt 0:04:17]} Qh6 {[%emt 0:00:15]} 20. Bc1 {[%emt 0:00:27]} Qxc1+ {[%emt 0:03:10]} 21. Kxc1 {[%emt 0:01:39]} fxe5 {[%emt 0:00:15]} 22. dxe5 {[%emt 0:04:24]} Rxe5 {[%emt 0:00:52]} 23. Rhe1 {[%emt 0:02:22]} Nd7 {[%emt 0:00:42]} 24. Qg4 {[%emt 0:01:00]} Nf6 {[%emt 0:00:13]} 25. Qa4 {[%emt 0:02:00]} Re4 {[%emt 0:05:15]} 26. Rxe4 {[%emt 0:01:47]} Nfxe4 {[%emt 0:00:41]} 27. Qd4 {[%emt 0:01:07]} Rf8 {[%emt 0:01:16]} 28. f3 {[%emt 0:00:54]} Ng3 {[%emt 0:00:27]} 29. Kd2 {[%emt 0:01:11]} b6 {[%emt 0:01:37]} 30. Re1 {[%emt 0:01:18]} h5 {[%emt 0:00:21]} 31. c4 {[%emt 0:02:38]} Ngf5 {[%emt 0:00:29]} 32. Qd3 {[%emt 0:01:52]} a5 {[%emt 0:02:42]} 33. Kc3 {[%emt 0:02:31]} Rb8 {[%emt 0:01:45]} 34. Re5 {[%emt 0:01:31]} Rf8 {[%emt 0:01:03]} 35. Kb2 {[%emt 0:02:32]} a4 {[%emt 0:02:31]} 36. Kb1 {[%emt 0:01:50]} Rf7 {[%emt 0:02:59]} 37. Ka2 {[%emt 0:00:30]} Rf8 {[%emt 0:00:36]} 38. Qc2 {[%emt 0:00:31]} g6 {[%emt 0:03:40]} 39. Qxa4 {[%emt 0:01:41]} Rf7 {[%emt 0:00:00]} 40. Qc2 {[%emt 0:00:05]} Kg7 {[%emt 0:00:35]} 41. a4 {[%emt 0:01:07]} Nxh4 {[%emt 0:01:57]} 42. c5 {[%emt 0:00:53]} Ndf5 {[%emt 0:02:34]} 43. cxb6 {[%emt 0:00:42]} cxb6 {[%emt 0:00:31]} 44. Qb2 {[%emt 0:00:00]} Kh7 {[%emt 0:00:00]} 45. Qxb6 {[%emt 0:00:03]} Nxg2 {[%emt 0:01:05]} 46. Qg1 {[%emt 0:00:54]} Ngh4 {[%emt 0:00:06]} 47. Re6 {[%emt 0:00:15]} Ng7 {[%emt 0:01:01]} 48. Qg3 {[%emt 0:01:28]} Ngf5 {[%emt 0:00:00]} 49. Qg5 {[%emt 0:00:00]} Rg7 {[%emt 0:00:28]} 50. d6 {[%emt 0:00:40]} Nxf3 {[%emt 0:00:00]} 51. Qf4 {[%emt 0:00:17]} N3d4 {[%emt 0:00:00]} 52. Re8 {[%emt 0:00:40]} h4 {[%emt 0:00:51]} 53. a5 {[%emt 0:00:27]} Nb5 {[%emt 0:00:47]} 54. Re6 {[%emt 0:01:11]} Nc3+ {[%emt 0:00:09]} 55. Kb3 {[%emt 0:00:10]} Nb5 {[%emt 0:00:37]} 56. Qe5 {[%emt 0:00:24]} Nbd4+ {[%emt 0:00:20]} 57. Kc4 {[%emt 0:00:14]} Nxe6 {[%emt 0:00:39]} 58. Qxe6 {[%emt 0:00:04]} Ra7 {[%emt 0:01:56]} 59. d7 {[%emt 0:00:08]} Rc7+ {[%emt 0:00:13]} 60. Kd3 {[%emt 0:00:24]} Rc1 {[%emt 0:01:03]} 61. Kd2 {[%emt 0:00:41]} Rc2+ {[%emt 0:00:01]} 62. Kd1 {[%emt 0:00:30]} h3 {[%emt 0:00:46]} 63. d8=Q {[%emt 0:01:33]} Rg2 {[%emt 0:00:07]} 64. Qef6 {[%emt 0:00:46]} Rg1+ {[%emt 0:02:03]} 65. Kd2 {[%emt 0:00:15]} Rg2+ {[%emt 0:00:07]} 66. Kc3 {[%emt 0:00:16]} Rg3+ {[%emt 0:00:00]} 67. Kb4 {[%emt 0:00:25]} Rg4+ {[%emt 0:00:10]} 68. Kc5 {[%emt 0:00:19]} Ng7 {[%emt 0:00:00]} 69. Qxg7+ {[%emt 0:00:41]} 1-0

[Event "White Rook U14 Final 2019"]
[Site "Sochi"]
[Date "2019.06.06"]
[Round "3.27"]
[White "Lotcmanov, Aleksandr"]
[Black "Hrbek, Jachym"]
[Result "0-1"]
[WhiteElo "1326"]
[BlackElo "1394"]
[Annotator "NA RC"]
[PlyCount "98"]
[EventDate "2019.06.02"]
[EventCountry "RUS"]
[SourceTitle "playchess.com"]
[Source "ChessBase"]
[SourceQuality "1"]
[TimeControl "5400+30"]

1. e4 {[%emt 0:00:00]} e6 {[%emt 0:00:08]} 2. Nc3 {[%emt 0:00:03]} d5 {[%emt 0:00:45]} 3. exd5 {[%emt 0:00:24]} exd5 {[%emt 0:00:19]} 4. d4 {[%emt 0:00:03]} Nf6 {[%emt 0:01:16]} 5. Nf3 {[%emt 0:02:33]} Bd6 {[%emt 0:03:38]} 6. Bg5 {[%emt 0:03:40]} Nbd7 {[%emt 0:01:08]} 7. Nxd5 {[%emt 0:03:28]} O-O {[%emt 0:00:22]} 8. Nxf6+ {[%emt 0:03:38]} Nxf6 {[%emt 0:02:24]} 9. Be2 {[%emt 0:01:23]} b6 {[%emt 0:00:39]} 10. O-O {[%emt 0:09:20]} Bb7 {[%emt 0:00:14]} 11. Bd3 {[%emt 0:03:10]} Kh8 {[%emt 0:00:08]} 12. Ne5 {[%emt 0:02:11]} Bxe5 {[%emt 0:01:08]} 13. dxe5 {[%emt 0:03:42]} Qd5 {[%emt 0:00:12]} 14. f3 {[%emt 0:00:28]} Qxe5 {[%emt 0:00:49]} 15. Bxf6 {[%emt 0:00:30]} Qxf6 {[%emt 0:01:36]} 16. c3 {[%emt 0:01:22]} Qg5 {[%emt 0:00:54]} 17. Re1 {[%emt 0:00:22]} Rad8 {[%emt 0:05:31]} 18. Qe2 {[%emt 0:00:06]} Bc6 {[%emt 0:04:34]} 19. Kh1 {[%emt 0:11:27]} Rfe8 {[%emt 0:04:23]} 20. Qc2 {[%emt 0:00:46]} h5 {[%emt 0:03:25]} 21. Rad1 {[%emt 0:01:26]} h4 {[%emt 0:02:44]} 22. Rxe8+ {[%emt 0:25:04]} Rxe8 {[%emt 0:00:25]} 23. Rf1 {[%emt 0:00:34]} Qe5 {[%emt 0:10:20]} 24. Qf2 {[%emt 0:01:23]} g5 {[%emt 0:02:13]} 25. Be4 {[%emt 0:04:50]} Bb5 {[%emt 0:03:29]} 26. Rd1 {[%emt 0:00:37]} Qf4 {[%emt 0:00:58]} 27. Qd4+ {[%emt 0:04:38]} Kg8 {[%emt 0:02:13]} 28. c4 {[%emt 0:07:33]} Ba6 {[%emt 0:02:23]} 29. b3 {[%emt 0:06:20]} Bc8 {[%emt 0:10:03]} 30. Kg1 {[%emt 0:00:39]} f5 {[%emt 0:02:07]} 31. Bd5+ {[%emt 0:01:51]} Kh7 {[%emt 0:00:44]} 32. Qxf4 {[%emt 0:00:33]} gxf4 {[%emt 0:02:06]} 33. Kf2 {[%emt 0:00:11]} Re3 {[%emt 0:01:03]} 34. Rd4 {[%emt 0:01:13]} Rc3 {[%emt 0:00:48]} 35. Rd2 {[%emt 0:00:50]} Kg6 {[%emt 0:03:06]} 36. Ke2 {[%emt 0:00:48]} Re3+ {[%emt 0:00:29]} 37. Kd1 {[%emt 0:00:38]} Kf6 {[%emt 0:00:06]} 38. Re2 {[%emt 0:00:45]} Ke5 {[%emt 0:06:44]} 39. g3 {[%emt 0:00:31]} Rxe2 {[%emt 0:04:38]} 40. Kxe2 {[%emt 0:00:30]} fxg3 {[%emt 0:00:25]} 41. hxg3 {[%emt 0:00:21]} hxg3 {[%emt 0:01:02]} 42. Ke3 {[%emt 0:00:20]} f4+ {[%emt 0:00:40]} 43. Ke2 {[%emt 0:00:13]} Kd4 {[%emt 0:00:14]} 44. b4 {[%emt 0:00:43]} Bf5 {[%emt 0:00:36]} 45. Be4 {[%emt 0:00:26]} Bxe4 {[%emt 0:00:42]} 46. fxe4 {[%emt 0:00:19]} Kxe4 {[%emt 0:00:06]} 47. c5 {[%emt 0:00:10]} bxc5 {[%emt 0:00:05]} 48. bxc5 {[%emt 0:00:06]} f3+ {[%emt 0:00:04]} 49. Kf1 {[%emt 0:00:09]} Ke5 {[%emt 0:00:03]} 0-1

[Event "White Rook U14 Final 2019"]
[Site "Sochi"]
[Date "2019.06.06"]
[Round "3.28"]
[White "Hrbkova, Johana"]
[Black "Nasyrova, Ekaterina"]
[Result "0-1"]
[WhiteElo "1085"]
[BlackElo "2148"]
[Annotator "TA"]
[PlyCount "92"]
[EventDate "2019.06.02"]
[EventCountry "RUS"]
[SourceTitle "playchess.com"]
[Source "ChessBase"]
[SourceQuality "1"]

{[%evp 17,97,6,6,6,6,6,7,0,0,0,14,13,30,18,21,30,41,25,18,21,28,13,32,18,29,0,0,0,0,0,0,-8,4,-20,14,-27,-11,-142,-125,-269,-287,-270,-246,-266,-250,-264,-267,-256,-266,-452,-416,-389,-397,-618,-628,-839,-837,-818,-813,-1935,-2003,-2063,-2031,-1770,-1874,-29978,-29979,-5965,-5047,-29990,-29991,-29991,-29992,-29992,-29993,-29995,-29996,-29996,-29997,-29998,-29998,-29999]} 1. e4 e5 2. Nf3 Nc6 3. d4 exd4 4. Bc4 Bc5 5. c3 Nf6 6. cxd4 Bb4+ 7. Bd2 Nxe4 8. Bxb4 Nxb4 9. Bxf7+ Kxf7 10. Qb3+ {C54: Giuoco Piano: 4 c3 Nf6, main lines with 5 d4 and 5 d3} Kf8 {[#] ...Nc6 is the strong threat.} 11. Qxb4+ Qe7 $1 {[%cal Re7b4]} 12. Qxe7+ {The position is equal.} Kxe7 13. O-O Re8 (13... Kd8 14. Re1 Nf6 15. Nc3 d6 16. Ng5 Rf8 17. f3 a5 {½-½ (27) McShane,L (2647)-Matlakov,M (2707) Batumi 2018}) 14. Re1 {[#]} Kd8 $146 ({Predecessor:} 14... Kf8 15. Na3 Nf6 16. Nb5 Nd5 17. Rec1 c6 {0-1 (59) Chekhov,S (2488)-Aleksandrov,A (2606) St Petersburg 2015}) 15. Ne5 Nd6 16. Nc3 Rf8 17. Re2 Nf5 18. Rae1 {[#] Nf7+! would kill now.} d6 19. Nf3 Bd7 (19... b5 $5) 20. Re4 h5 21. Rf4 c6 22. d5 Kc7 23. h3 Rae8 24. Ree4 c5 25. b4 a6 26. bxc5 dxc5 27. Rc4 (27. Ng5 $1 $11) 27... b6 $17 28. a4 (28. Ng5 $17) 28... Nd6 $19 29. Rxf8 Rxf8 30. Rh4 Rf5 31. Nd2 b5 32. axb5 axb5 33. Nde4 $2 (33. f3 {was worth a try.}) 33... Nxe4 34. Rxe4 {[%mdl 4096] Endgame KRB-KRN} b4 35. Ne2 (35. Na2 $142) 35... Rxd5 36. Nf4 Rd1+ 37. Kh2 b3 {Threatens to win with ...b2.} 38. Re3 b2 39. Rb3 b1=Q 40. Rxb1 Rxb1 41. Nxh5 c4 42. Nf4 Kd6 43. g4 c3 {Black mates.} 44. Ne2 c2 45. h4 Bxg4 46. f4 Bxe2 0-1

[Event "White Rook U14 Final 2019"]
[Site "Sochi"]
[Date "2019.06.06"]
[Round "3.29"]
[White "Balashov, Arseny"]
[Black "Lotnik, Vladislav"]
[Result "1-0"]
[WhiteElo "1990"]
[BlackElo "1490"]
[Annotator "NA RC"]
[PlyCount "73"]
[EventDate "2019.06.02"]
[EventCountry "RUS"]
[SourceTitle "playchess.com"]
[Source "ChessBase"]
[SourceQuality "1"]
[TimeControl "5400+30"]

1. Nf3 {[%emt 0:00:00]} d5 {[%emt 0:00:09]} 2. e3 {[%emt 0:00:12]} c6 {[%emt 0:00:22]} 3. c4 {[%emt 0:00:16]} e6 {[%emt 0:00:17]} 4. b3 {[%emt 0:00:02]} f5 {[%emt 0:00:09]} 5. Bb2 {[%emt 0:00:18]} Nf6 {[%emt 0:00:09]} 6. Be2 {[%emt 0:01:11]} Bd6 {[%emt 0:00:34]} 7. Ne5 {[%emt 0:00:03]} O-O {[%emt 0:00:37]} 8. O-O {[%emt 0:00:23]} Nbd7 {[%emt 0:02:32]} 9. f4 {[%emt 0:00:17]} Qc7 {[%emt 0:02:36]} 10. d4 {[%emt 0:10:06]} Ne4 {[%emt 0:00:30]} 11. Nd2 {[%emt 0:05:01]} Ndf6 {[%emt 0:00:48]} 12. Rc1 {[%emt 0:05:42]} Qa5 {[%emt 0:01:43]} 13. Nxe4 {[%emt 0:01:18]} Nxe4 {[%emt 0:00:08]} 14. Qc2 {[%emt 0:04:51]} Bxe5 {[%emt 0:08:47]} 15. dxe5 {[%emt 0:00:53]} Bd7 {[%emt 0:02:22]} 16. Bf3 {[%emt 0:11:34]} Rac8 {[%emt 0:03:46]} 17. Bxe4 {[%emt 0:15:39]} fxe4 {[%emt 0:00:09]} 18. g4 {[%emt 0:03:03]} Qc5 {[%emt 0:01:41]} 19. Bd4 {[%emt 0:01:59]} Qa3 {[%emt 0:04:51]} 20. Qg2 {[%emt 0:09:20]} b5 {[%emt 0:02:46]} 21. f5 {[%emt 0:01:09]} bxc4 {[%emt 0:04:09]} 22. bxc4 {[%emt 0:02:20]} Qe7 {[%emt 0:00:14]} 23. f6 {[%emt 0:12:52]} gxf6 {[%emt 0:01:31]} 24. exf6 {[%emt 0:04:59]} Qf7 {[%emt 0:00:02]} 25. Bxa7 {[%emt 0:00:25]} Qg6 {[%emt 0:00:41]} 26. g5 {[%emt 0:04:35]} h6 {[%emt 0:02:30]} 27. gxh6 {[%emt 0:01:09]} Kh7 {[%emt 0:00:59]} 28. Qxg6+ {[%emt 0:00:47]} Kxg6 {[%emt 0:05:44]} 29. Bd4 {[%emt 0:00:02]} c5 {[%emt 0:00:00]} 30. Be5 {[%emt 0:00:36]} dxc4 {[%emt 0:00:10]} 31. f7 {[%emt 0:00:24]} Kxh6 {[%emt 0:00:23]} 32. Rf6+ {[%emt 0:01:31]} Kg5 {[%emt 0:01:12]} 33. Rc2 {[%emt 0:02:33]} Rc6 {[%emt 0:00:46]} 34. Rg2+ {[%emt 0:00:51]} Kh5 {[%emt 0:00:02]} 35. Rfg6 {[%emt 0:00:07]} Rb6 {[%emt 0:00:37]} 36. R2g5+ {[%emt 0:01:02]} Kh4 {[%emt 0:00:01]} 37. Bg3+ {[%emt 0:00:13]} 1-0

[Event "White Rook U14 Final 2019"]
[Site "Sochi"]
[Date "2019.06.06"]
[Round "3.30"]
[White "Kostornichenko, Yana"]
[Black "Mikheev, Arsenii E."]
[Result "1-0"]
[WhiteElo "1706"]
[BlackElo "1500"]
[Annotator "NA RC"]
[PlyCount "109"]
[EventDate "2019.06.02"]
[EventCountry "RUS"]
[SourceTitle "playchess.com"]
[Source "ChessBase"]
[SourceQuality "1"]
[TimeControl "5400+30"]

1. e4 {[%emt 0:00:00]} c5 {[%emt 0:00:09]} 2. Nf3 {[%emt 0:00:08]} e6 {[%emt 0:00:12]} 3. d4 {[%emt 0:00:06]} cxd4 {[%emt 0:00:08]} 4. Nxd4 {[%emt 0:00:05]} a6 {[%emt 0:00:08]} 5. Nc3 {[%emt 0:00:06]} Qc7 {[%emt 0:00:08]} 6. g3 {[%emt 0:00:06]} Bb4 {[%emt 0:00:18]} 7. Bd2 {[%emt 0:00:14]} Nc6 {[%emt 0:00:26]} 8. Nb3 {[%emt 0:00:37]} Nf6 {[%emt 0:00:11]} 9. Bg2 {[%emt 0:00:09]} d6 {[%emt 0:00:28]} 10. O-O {[%emt 0:00:59]} O-O {[%emt 0:00:09]} 11. f4 {[%emt 0:03:54]} e5 {[%emt 0:03:08]} 12. f5 {[%emt 0:01:35]} Na5 {[%emt 0:00:21]} 13. Nxa5 {[%emt 0:00:11]} Bxa5 {[%emt 0:11:22]} 14. Kh1 {[%emt 0:00:11]} b5 {[%emt 0:02:46]} 15. Nd5 {[%emt 0:01:56]} Qd8 {[%emt 0:05:54]} 16. Bxa5 {[%emt 0:03:39]} Qxa5 {[%emt 0:01:19]} 17. Nxf6+ {[%emt 0:00:11]} gxf6 {[%emt 0:00:13]} 18. Qxd6 {[%emt 0:00:09]} Qd8 {[%emt 0:00:32]} 19. Rfd1 {[%emt 0:00:14]} Bb7 {[%emt 0:01:39]} 20. Rd3 {[%emt 0:00:23]} Kg7 {[%emt 0:16:53]} 21. Rad1 {[%emt 0:00:15]} Qa5 {[%emt 0:04:27]} 22. Qe7 {[%emt 0:00:27]} Rab8 {[%emt 0:00:55]} 23. Rd6 {[%emt 0:03:40]} Qxa2 {[%emt 0:00:52]} 24. Qxf6+ {[%emt 0:01:06]} Kg8 {[%emt 0:00:12]} 25. Qxe5 {[%emt 0:00:05]} Qc4 {[%emt 0:03:29]} 26. c3 {[%emt 0:09:58]} Rbe8 {[%emt 0:11:40]} 27. Qd4 {[%emt 0:03:38]} Qe2 {[%emt 0:02:20]} 28. Qd2 {[%emt 0:00:08]} Qxd2 {[%emt 0:01:55]} 29. R1xd2 {[%emt 0:00:40]} Bxe4 {[%emt 0:00:23]} 30. Bxe4 {[%emt 0:00:11]} Rxe4 {[%emt 0:00:05]} 31. Rxa6 {[%emt 0:00:06]} Re5 {[%emt 0:00:29]} 32. Rf2 {[%emt 0:00:05]} Rfe8 {[%emt 0:01:37]} 33. Ra5 {[%emt 0:00:27]} Kg7 {[%emt 0:01:50]} 34. Kg2 {[%emt 0:00:13]} Kf6 {[%emt 0:01:15]} 35. h3 {[%emt 0:00:08]} Rb8 {[%emt 0:01:30]} 36. h4 {[%emt 0:00:16]} Rxf5 {[%emt 0:00:37]} 37. Rxf5+ {[%emt 0:00:32]} Kxf5 {[%emt 0:00:09]} 38. c4 {[%emt 0:00:05]} Ke4 {[%emt 0:00:08]} 39. Rxb5 {[%emt 0:00:06]} Rc8 {[%emt 0:00:16]} 40. b3 {[%emt 0:00:06]} Kd4 {[%emt 0:00:14]} 41. Rh5 {[%emt 0:00:11]} Kc3 {[%emt 0:00:41]} 42. Rb5 {[%emt 0:00:57]} Rc7 {[%emt 0:00:50]} 43. Kf3 {[%emt 0:00:07]} Rd7 {[%emt 0:00:14]} 44. Kf4 {[%emt 0:00:09]} Re7 {[%emt 0:01:06]} 45. Kf5 {[%emt 0:00:13]} Re3 {[%emt 0:00:28]} 46. g4 {[%emt 0:00:17]} Rf3+ {[%emt 0:01:30]} 47. Ke4 {[%emt 0:00:16]} Rf6 {[%emt 0:00:17]} 48. c5 {[%emt 0:00:17]} Re6+ {[%emt 0:00:39]} 49. Kd5 {[%emt 0:00:16]} Rg6 {[%emt 0:00:05]} 50. c6 {[%emt 0:00:40]} Rxg4 {[%emt 0:01:50]} 51. c7 {[%emt 0:00:17]} Rd4+ {[%emt 0:00:08]} 52. Ke5 {[%emt 0:00:02]} f6+ {[%emt 0:00:09]} 53. Kxf6 {[%emt 0:00:28]} Rd6+ {[%emt 0:00:36]} 54. Ke7 {[%emt 0:00:03]} Rc6 {[%emt 0:00:07]} 55. Kd7 {[%emt 0:00:03]} 1-0

[Event "White Rook U14 Final 2019"]
[Site "Sochi"]
[Date "2019.06.06"]
[Round "3.31"]
[White "Klimovskikh, Nikita"]
[Black "Abubekerov, Iliya"]
[Result "0-1"]
[WhiteElo "1333"]
[BlackElo "1199"]
[Annotator "NA RC"]
[PlyCount "106"]
[EventDate "2019.06.02"]
[EventCountry "RUS"]
[SourceTitle "playchess.com"]
[Source "ChessBase"]
[SourceQuality "1"]
[TimeControl "5400+30"]

1. e4 {[%emt 0:00:00]} e6 {[%emt 0:00:00]} 2. d4 {[%emt 0:00:00]} d5 {[%emt 0:00:00]} 3. exd5 {[%emt 0:00:00]} exd5 {[%emt 0:00:00]} 4. Bd3 {[%emt 0:00:00]} Bd6 {[%emt 0:00:00]} 5. c3 {[%emt 0:00:38]} c6 {[%emt 0:00:00]} 6. Nf3 {[%emt 0:01:10]} Nf6 {[%emt 0:00:00]} 7. Bg5 {[%emt 0:00:11]} O-O {[%emt 0:00:00]} 8. O-O {[%emt 0:00:06]} Bg4 {[%emt 0:00:05]} 9. Nbd2 {[%emt 0:00:05]} Nbd7 {[%emt 0:00:03]} 10. Qc2 {[%emt 0:00:22]} h6 {[%emt 0:00:17]} 11. Bh4 {[%emt 0:00:09]} Qc7 {[%emt 0:00:49]} 12. Bg3 {[%emt 0:12:18]} Bxg3 {[%emt 0:00:32]} 13. hxg3 {[%emt 0:00:14]} Rfe8 {[%emt 0:00:20]} 14. Rfe1 {[%emt 0:00:15]} Rxe1+ {[%emt 0:02:56]} 15. Rxe1 {[%emt 0:00:14]} Re8 {[%emt 0:00:03]} 16. Rxe8+ {[%emt 0:01:59]} Nxe8 {[%emt 0:00:31]} 17. Nf1 {[%emt 0:03:57]} Nef6 {[%emt 0:01:21]} 18. Ne3 {[%emt 0:00:21]} Bxf3 {[%emt 0:06:05]} 19. gxf3 {[%emt 0:00:03]} c5 {[%emt 0:00:50]} 20. dxc5 {[%emt 0:00:09]} Qxc5 {[%emt 0:02:23]} 21. Bf5 {[%emt 0:00:42]} Ne5 {[%emt 0:03:08]} 22. f4 {[%emt 0:00:08]} Nc4 {[%emt 0:15:13]} 23. Nxc4 {[%emt 0:02:14]} dxc4 {[%emt 0:00:34]} 24. Bh3 {[%emt 0:00:37]} Qd6 {[%emt 0:03:38]} 25. Qf5 {[%emt 0:01:40]} Qd1+ {[%emt 0:06:42]} 26. Kg2 {[%emt 0:01:54]} Qd5+ {[%emt 0:02:56]} 27. Qxd5 {[%emt 0:00:31]} Nxd5 {[%emt 0:00:42]} 28. Kf3 {[%emt 0:00:46]} Nb6 {[%emt 0:00:20]} 29. Bf1 {[%emt 0:00:47]} Na4 {[%emt 0:00:38]} 30. Bxc4 {[%emt 0:00:32]} Nxb2 {[%emt 0:00:09]} 31. Bb3 {[%emt 0:00:06]} Nd3 {[%emt 0:01:03]} 32. Ke3 {[%emt 0:00:15]} Nc5 {[%emt 0:00:28]} 33. Kd4 {[%emt 0:00:09]} b6 {[%emt 0:00:56]} 34. Kd5 {[%emt 0:00:15]} Kf8 {[%emt 0:05:20]} 35. Kc6 {[%emt 0:06:30]} f6 {[%emt 0:00:37]} 36. Kc7 {[%emt 0:00:37]} h5 {[%emt 0:01:33]} 37. Kb8 {[%emt 0:02:09]} Nxb3 {[%emt 0:01:22]} 38. axb3 {[%emt 0:00:08]} g5 {[%emt 0:00:21]} 39. Kxa7 {[%emt 0:00:04]} h4 {[%emt 0:01:08]} 40. fxg5 {[%emt 0:01:50]} fxg5 {[%emt 0:00:42]} 41. gxh4 {[%emt 0:01:01]} gxh4 {[%emt 0:00:06]} 42. Kxb6 {[%emt 0:00:05]} h3 {[%emt 0:00:06]} 43. c4 {[%emt 0:00:05]} h2 {[%emt 0:00:23]} 44. c5 {[%emt 0:00:03]} h1=Q {[%emt 0:04:28]} 45. b4 {[%emt 0:00:16]} Qa8 {[%emt 0:00:16]} 46. c6 {[%emt 0:00:02]} Ke7 {[%emt 0:00:18]} 47. Kc5 {[%emt 0:00:05]} Qa7+ {[%emt 0:03:22]} 48. Kb5 {[%emt 0:00:42]} Kd6 {[%emt 0:00:28]} 49. f4 {[%emt 0:00:07]} Qa8 {[%emt 0:01:29]} 50. c7 {[%emt 0:00:16]} Kxc7 {[%emt 0:00:31]} 51. f5 {[%emt 0:00:08]} Qd5+ {[%emt 0:00:03]} 52. Ka4 {[%emt 0:00:19]} Qxf5 {[%emt 0:00:38]} 53. b5 {[%emt 0:00:08]} Qb1 {[%emt 0:00:09]} 0-1

[Event "White Rook U14 Final 2019"]
[Site "Sochi"]
[Date "2019.06.06"]
[Round "3.32"]
[White "Kulish, Glafira"]
[Black "Belova, Tatyana"]
[Result "1/2-1/2"]
[WhiteElo "1379"]
[BlackElo "1584"]
[Annotator "NA RC"]
[PlyCount "85"]
[EventDate "2019.06.02"]
[EventCountry "RUS"]
[SourceTitle "playchess.com"]
[Source "ChessBase"]
[SourceQuality "1"]
[TimeControl "5400+30"]

1. d4 {[%emt 0:00:00]} d5 {[%emt 0:00:05]} 2. c4 {[%emt 0:00:06]} e6 {[%emt 0:00:03]} 3. Nc3 {[%emt 0:00:07]} Nf6 {[%emt 0:00:08]} 4. cxd5 {[%emt 0:00:06]} exd5 {[%emt 0:00:08]} 5. Bg5 {[%emt 0:00:02]} Be7 {[%emt 0:01:51]} 6. e3 {[%emt 0:00:08]} Nbd7 {[%emt 0:02:17]} 7. Qc2 {[%emt 0:00:43]} c6 {[%emt 0:02:36]} 8. Bd3 {[%emt 0:00:08]} h6 {[%emt 0:01:45]} 9. Bh4 {[%emt 0:00:23]} Nh5 {[%emt 0:04:31]} 10. Bxe7 {[%emt 0:00:29]} Qxe7 {[%emt 0:00:09]} 11. Nge2 {[%emt 0:04:08]} Nb6 {[%emt 0:03:04]} 12. O-O {[%emt 0:04:28]} Bd7 {[%emt 0:03:31]} 13. Rab1 {[%emt 0:01:57]} g5 {[%emt 0:03:27]} 14. b4 {[%emt 0:07:28]} Ng7 {[%emt 0:04:00]} 15. e4 {[%emt 0:01:05]} Rc8 {[%emt 0:06:03]} 16. Ng3 {[%emt 0:07:03]} dxe4 {[%emt 0:08:38]} 17. Ngxe4 {[%emt 0:00:38]} Nd5 {[%emt 0:02:52]} 18. Rfe1 {[%emt 0:00:25]} Kd8 {[%emt 0:02:33]} 19. Nc5 {[%emt 0:00:46]} Be6 {[%emt 0:01:55]} 20. Bc4 {[%emt 0:07:42]} Qc7 {[%emt 0:13:33]} 21. b5 {[%emt 0:10:23]} Bf5 {[%emt 0:04:01]} 22. Bd3 {[%emt 0:01:40]} Bxd3 {[%emt 0:01:04]} 23. Qxd3 {[%emt 0:00:22]} Nxc3 {[%emt 0:00:33]} 24. Qxc3 {[%emt 0:00:08]} cxb5 {[%emt 0:01:12]} 25. d5 {[%emt 0:06:25]} Qxc5 {[%emt 0:03:18]} 26. Qxg7 {[%emt 0:00:08]} Qf8 {[%emt 0:00:49]} 27. Qf6+ {[%emt 0:01:26]} Kd7 {[%emt 0:00:31]} 28. Rxb5 {[%emt 0:02:46]} b6 {[%emt 0:02:23]} 29. Qf5+ {[%emt 0:02:20]} Kc7 {[%emt 0:03:39]} 30. d6+ {[%emt 0:12:20]} Qxd6 {[%emt 0:03:42]} 31. Rc1+ {[%emt 0:00:19]} Kb8 {[%emt 0:00:19]} 32. Re1 {[%emt 0:01:24]} Qc7 {[%emt 0:02:04]} 33. Rbe5 {[%emt 0:02:42]} Qc4 {[%emt 0:03:25]} 34. Qd7 {[%emt 0:05:27]} Qc7 {[%emt 0:01:35]} 35. Re7 {[%emt 0:00:45]} Qxd7 {[%emt 0:00:14]} 36. Rxd7 {[%emt 0:00:11]} f5 {[%emt 0:00:56]} 37. g3 {[%emt 0:00:09]} Rcd8 {[%emt 0:04:16]} 38. Rf7 {[%emt 0:00:35]} Rdf8 {[%emt 0:00:32]} 39. Rg7 {[%emt 0:01:18]} f4 {[%emt 0:01:34]} 40. Ree7 {[%emt 0:00:05]} fxg3 {[%emt 0:01:19]} 41. Rb7+ {[%emt 0:02:39]} Kc8 {[%emt 0:02:49]} 42. Rbc7+ {[%emt 0:00:11]} Kb8 {[%emt 0:01:30]} 43. Rb7+ {[%emt 0:00:13]} 1/2-1/2